000
00331 a2200145 4500
001
153446
040
_c
Escola São Tomás de Aquino
100
_a
CASTRO, Maria da Glória Cardia
240
1
0
_a
Menina Mãe
_l
por
245
1
0
_a
Menina Mãe
362
0
_a
2008
440
1
_a
Moderna
697
_a
*LITERATURA JUVENIL
942
_c
BK
999
_c
153446
_d
153446